书目信息 |
| 题名: |
氮肥生产概论
|
|
| 作者: | 赵忠祥 主编 | |
| 分册: | ||
| 出版信息: | 北京 化学工业出版社 1995.12 |
|
| 页数: | 193页 | |
| 开本: | 26cm | |
| 丛书名: | ||
| 单 册: | ||
| 中图分类: | TQ441 | |
| 科图分类: | ||
| 主题词: | 氮肥 | |
| 电子资源: | ||
| ISBN: | 7-5025-1506-2 | |
| 000 | 00544nam0 2200193 45 | |
| 001 | 0455080731 | |
| 005 | 2004042515180038 | |
| 010 | @a7-5025-1506-2@dCNY 11.20 | |
| 100 | @a20040425d1995 km y0chiy0120 ea | |
| 101 | 0 | @achi |
| 102 | @aCN@b110000 | |
| 200 | 1 | @a氮肥生产概论@ADan Fei Sheng Chan Gai Lun@f赵忠祥主编@Fzhao zhong xiang zhu bian |
| 210 | @a北京@c化学工业出版社@d1995.12 | |
| 215 | @a193页@d26cm | |
| 606 | 0 | @a氮肥 |
| 690 | @aTQ441@v3 | |
| 701 | 0 | @a赵忠祥@Azhao zhong xiang@4主编 |
| 801 | 0 | @aCN@bPFT@c20040425 |
| 905 | @dTQ441@eZ340 | |
| 氮肥生产概论/赵忠祥主编.-北京:化学工业出版社,1995.12 |
| 193页;26cm |
| ISBN 7-5025-1506-2:CNY 11.20 |
| ● |
| 相关链接 |
|
|
|
正题名:氮肥生产概论
索取号:TQ441/Z340
 
预约/预借
| 序号 | 登录号 | 条形码 | 馆藏地/架位号 | 状态 | 备注 |
| 1 | 391212 | 203912123 | 材料与化工学院资料室/ [索取号:TQ441/Z340] | 在馆 | |
| 2 | 391213 | 203912132 | 自科二线504/504自科库 12排1列1层/ [索取号:TQ441/Z340] | 在馆 | |
| 3 | 391214 | 203912141 | 自科库501/501自科库 39排5列5层/ [索取号:TQ441/Z340] | 在馆 |